000 01976nam0a2200373 4500
001 RU\NLR\BIBL_A\012613717
005 20211118135056.0
010 _a978-5-465-04016-7
_96000
021 _aRU
_bКН-П-21-039510
_9КН-П-21-3091
035 _a(NLR Aleph) 012613717
090 _a12617770
_c12617770
100 _a20211007d2021 d y0rusy50 ca
101 1 _arus
_ceng
102 _aRU
105 _aa z 000ay
181 0 _ai
_baxxe
182 0 _an
200 1 _aРикки-Тикки-Тави
_eсказки
_e[для детей среднего школьного возраста]
_fРедьярд Киплинг
_g[перевод с английского Л. Б. Хавкиной]
_gхудожник: М. Ищенко
203 _aТекст
_bвизуальный
_cнепосредственный
210 _aМосква
_cОмега
_d2021
215 _a141, [3] с.
_cцв. ил.
_d21
225 1 _aШкольная библиотека
300 _aТексты произведений печатаются без сокращений
327 0 _aСодерж.: Как было написано первое письмо; Как кот гулял, где ему вздумается; Как краб играл с морем; Слонёнок; Как кит получил свою глотку; Как носорог получил свою кожу; Как верблюд получил свой горб; Как леопард получил свои пятна; Приключение старого кенгуру; Первые броненосцы [и др.]
333 _a12+
686 0 _aШ9(4Вл)62-4
700 1 _aКиплинг
_bР.
_f1865-1936
_gРедьярд
_3RU\NLR\AUTH\775969
702 1 _aИщенко
_bМ.
_gМария
_4040
942 _cBOOK
980 _aNB